01596nam a2200325 i 4500003000900000005001700009008004100026017001300067040004600080041000800126082002800134092000700162099003600169100003900205245026000244264009100504300003000595336002200625337002400647338003300671504010800704546009600812650007900908651001000987856005700997905000701054942001901061999001701080952017301097EG-GICUC20260121101532.0251222s1982    ua ||||fr|||| 00| 0 ara d  a19823717  a EG-GICUCbarac EG-GICUCd EG-GICUCerda0 aara04221a345.451bم ص . س04221  aLaw1 07	346.451 م ص . س 19820 aمصطفى عفيفىeمؤلف.12aالسلطة التأديبية بين الفاعلية والضمان :bدراسة مقارنة في القوانين الوظيفية للعاملين في مصر والدول الاجنبية /cمصطفى عفيفى ، بدرية جاسر صالح. 1a[مكان النشر غير محدد] :b[اسم الناشر غير محدد],c1982.  a528 ؛ صفحةc24 سم.  2rda contentatext  2rda mediaaComputer  2rda carrieraOnline Resource  aيحتوي على ارجاعات ببليوجرافية
يحتوي على قائمة بالمراجع  aالنص أغلبه باللغة العربية مع بعض النصوص الفرنسية14aالسلطات التاديبية xالقانون الإداري2qrmak1 2qrmak40uhttps://fll.law.cu.edu.eg/fulltext/bks/B07-01657.pdf  a75  2ddccBKe21n0  c52156d52156  00102ddc40718القانون الإداريaCUbLAW1d2025-12-22l0oLaw1 07 345.451 م ص . س 1982 0701657	C1pB07-01657r2025-12-22 15:21:00t1w2025-12-22yBK